<?xml version="1.0" encoding="UTF-8"?>
<record
    xmlns:xsi="http://www.w3.org/2001/XMLSchema-instance"
    xsi:schemaLocation="http://www.loc.gov/MARC21/slim http://www.loc.gov/standards/marcxml/schema/MARC21slim.xsd"
    xmlns="http://www.loc.gov/MARC21/slim">

  <leader>01796    a2200217   4500</leader>
  <controlfield tag="001">39717</controlfield>
  <controlfield tag="005">20260407155654.0</controlfield>
  <controlfield tag="008">260407a1962    arg                 spa d</controlfield>
  <controlfield tag="003">AR-UNSa-BCEJYS</controlfield>
  <datafield tag="040" ind1=" " ind2=" ">
    <subfield code="a">AR-UNSa-BCEJYS</subfield>
    <subfield code="b">spa</subfield>
    <subfield code="c">AR-UNSa-BCEJYS</subfield>
  </datafield>
  <datafield tag="080" ind1=" " ind2=" ">
    <subfield code="a">910</subfield>
    <subfield code="x">Generalidades. La geograf&#xED;a como ciencia. Exploraciones. Viajes
</subfield>
  </datafield>
  <datafield tag="245" ind1="1" ind2="0">
    <subfield code="a">Geograf&#xED;a General</subfield>
  </datafield>
  <datafield tag="264" ind1=" " ind2="1">
    <subfield code="a">Buenos Aires :</subfield>
    <subfield code="b">Kapelusz</subfield>
    <subfield code="c">1962</subfield>
  </datafield>
  <datafield tag="300" ind1=" " ind2=" ">
    <subfield code="a">199 p.</subfield>
    <subfield code="c">24 cm.</subfield>
  </datafield>
  <datafield tag="505" ind1=" " ind2=" ">
    <subfield code="a">Parte I: Geograf&#xED;a f&#xED;sica : 1. La tierra en el Universo - 2. La orientaci&#xF3;n - 3. El d&#xED;a, la noche y la hora - 4. Las estaciones - 5. Las cartas geograf&#xED;cas - 6. Las rosas - 7. La construcci&#xF3;n del relieve - 8. Volcanes y temblores de tierra - 9. La destrucci&#xF3;n del relieve - 10. Los cursos de agua - 11. Glaciares y lagos - 12. Mares y oc&#xE9;anos - 13. Las cosas - 14. El clima: temperatura y vientos - 15. Lluvias y climas - Parte II: La vida en la superficie del globo : 16. Vegetales y animales - 17. Las grandes zonas de vida - 18. Los hombres en los pa&#xED;ses c&#xE1;lidos - 19. Los hombres en los pa&#xED;ses secos - 20. Los hombresen los pa&#xED;ses fr&#xED;os - 21. Los hombres en las regiones templadas - 22. Casas y pueblos de ls regiones templadas - 22. Casas y pueblos de las regiones templadas - 23. Las ciudades  - 24. La producci&#xF3;n de materia primas - 25. Artesan&#xED;as e industria - 26. La circulaci&#xF3;n - Parte III: Las grandes etapas en el descubrimiento de la tierra: 27. El hombre en el universo - 28. El descubrimiento de la Tierra en la antig&#xFA;edad y en la edad media - 29. El descubrimiento de la Tierra entre los siglos XVI y XIX - 30. Las expediciones modernas.</subfield>
  </datafield>
  <datafield tag="942" ind1=" " ind2=" ">
    <subfield code="c">BK</subfield>
  </datafield>
  <datafield tag="590" ind1=" " ind2=" ">
    <subfield code="a">niveau_biblio:m niveau_hierar:0</subfield>
  </datafield>
  <datafield tag="100" ind1="1" ind2=" ">
    <subfield code="a">Perpillou, Aime Vincent</subfield>
  </datafield>
  <datafield tag="700" ind1="1" ind2=" ">
    <subfield code="a">Pernet, Lucien</subfield>
  </datafield>
  <datafield tag="700" ind1="1" ind2=" ">
    <subfield code="a">Rampa, Alfredo C&#xE9;sar</subfield>
  </datafield>
  <datafield tag="999" ind1=" " ind2=" ">
    <subfield code="c">3098</subfield>
    <subfield code="d">3098</subfield>
  </datafield>
  <datafield tag="952" ind1=" " ind2=" ">
    <subfield code="0">0</subfield>
    <subfield code="1">0</subfield>
    <subfield code="4">0</subfield>
    <subfield code="7">0</subfield>
    <subfield code="a">BCEJYS</subfield>
    <subfield code="b">BCEJYS</subfield>
    <subfield code="c">16</subfield>
    <subfield code="d">2026-04-07</subfield>
    <subfield code="l">0</subfield>
    <subfield code="o">910 P426</subfield>
    <subfield code="p">L21227</subfield>
    <subfield code="r">2026-04-07 15:56:54</subfield>
    <subfield code="w">2026-04-07</subfield>
    <subfield code="y">L</subfield>
  </datafield>
  <datafield tag="952" ind1=" " ind2=" ">
    <subfield code="0">0</subfield>
    <subfield code="1">0</subfield>
    <subfield code="4">0</subfield>
    <subfield code="7">0</subfield>
    <subfield code="a">BCEJYS</subfield>
    <subfield code="b">BCEJYS</subfield>
    <subfield code="c">16</subfield>
    <subfield code="d">2026-04-07</subfield>
    <subfield code="l">0</subfield>
    <subfield code="o">910 P426</subfield>
    <subfield code="p">L21230</subfield>
    <subfield code="r">2026-04-07 15:56:54</subfield>
    <subfield code="w">2026-04-07</subfield>
    <subfield code="y">L</subfield>
  </datafield>
</record>
